| 000 | 01459cam a22003857a 4500 | ||
|---|---|---|---|
| 003 | CHAP | ||
| 005 | 20220329141917.0 | ||
| 008 | 980526d1979 mx a r 00010 spa d | ||
| 010 | _a75604 | ||
| 011 | _a76576 | ||
| 035 | _a86161 | ||
| 040 | _cCHAP | ||
| 082 | 0 | 4 |
_a580 _bM37 |
| 100 | 0 | 0 |
_aMartínez, Maximino. _972693 |
| 245 | 1 | 0 |
_aFlora del Estado de México _c/por Maximino Martínez y Eizi Matuda |
| 260 |
_aToluca, Méx. : _bBiblioteca Enciclopedica del Estado de México, _c1979. |
||
| 300 |
_av. : _bilus. |
||
| 500 | _aEdición facsimilar de los fascículos publicados en los años de 1953 a 1972 | ||
| 500 | _aLa biblioteca tiene : v.1, v.2, v.3 | ||
| 590 |
_aBATCH-UPD _b10 _c20130110 _lUCH01 _h0621 |
||
| 590 |
_aBATCH-UPD _b10 _c20130110 _lUCH01 _h2314 |
||
| 590 |
_aBATCH-UPD _b10 _c20130410 _lUCH01 _h0304 |
||
| 590 |
_aBATCH-UPD _b10 _c20130914 _lUCH01 _h0736 |
||
| 590 |
_aCONVERSION _b10 _c20130109 _lUCH01 _h1341 |
||
| 650 | 1 | 4 |
_aBotánica _xMéxico (Edo.) _914593 |
| 650 | 1 | 4 |
_aFlores _xIdentificación. _941382 |
| 650 | 1 | 4 |
_aPlantas _xNombres vulgares _xMéxico (Edo.) _988867 |
| 700 | 0 |
_aMatuda Matuda, Eizi. _973103 |
|
| 901 | _aBK | ||
| 905 | _aAlejandra Carrasco M. | ||
| 942 | _cLIBRO | ||
| 949 |
_a580 M37 _bBC _cC _d33724000691853 _eC _fv.3 _h93091 _i86161 _sb _t$750.00 |
||
| 949 |
_a580 M37 _bBC _cC _d33724000691861 _eC _fv.2 _h93090 _i86161 _sb _t$750.00 |
||
| 949 |
_a580 M37 _bBC _cC _d33724000691879 _eC _fv.1 _gI.192483 _h93089 _i86161 _sb _t$750.00 |
||
| 999 |
_c75604 _d75604 |
||